000 00577nam a22001577a 4500
999 _c535603
_d535603
020 _qHard Cover.
082 _a624.1
100 _aIftikhar, Nida
245 _aMulti-Criteria Bid/no Bid Decision Support Framework for General Contractors :
_b A Case of Pakistan /
_cNida Iftikhar.
260 _aIslamabad:
_bNIT NUST,
_c2018.
300 _a71 p. :
_bill. ;
_c30cm.
_e+CD
942 _2ddc
_cTHE
650 _aConstruction Engineering and Management MS-Thesis.
_917023
700 _aDr. Muhammad Jamaluddin Thaheem
_916295